Science Quiz

Random Science or German Quiz
Score 0/42 Timer 05:00
2 Plays Today
Element (Deutsch) Element (English) % Correct
ZinkZinc
87%
KobaltCobalt
86.9%
SilberSilver
85%
ChlorChlorine
84.8%
UranUranium
83.4%
PlatinPlatinum
83%
TitanTitanium
82.2%
ArsenArsenic
82%
IodIodine
81.8%
SiliciumSilicon
81.6%
ChromChromium
81.3%
PhosphorPhosphorus
80.7%
FluorFluorine
78.3%
ManganManganese
77.7%
ZirkoniumZirconium
76.5%
SelenSelenium
75.1%
BromBromine
73.9%
BorBoron
73.1%
AntimonAntimony
73%
KupferCopper
66.7%
QuecksilberMercury
64.7%
Element (Deutsch) Element (English) % Correct
TellurTellurium
60.2%
MolybdänMolybdenum
60.1%
WismutBismuth
56.7%
AstatAstatine
56.1%
LanthanLanthanum
55%
NatriumSodium
53.3%
NiobNiobium
52.5%
WolframTungsten
52.4%
NeodymNeodymium
51.4%
ZinnTin
50.9%
TantalTantalum
48.4%
CerCerium
48.2%
WasserstoffHydrogen
46.7%
PraseodymPraseodymium
43.5%
KaliumPotassium
40%
KohlenstoffCarbon
36.8%
SauerstoffOxygen
33.4%
EisenIron
33.1%
StickstoffNitrogen
27.5%
BleiLead
24.6%
SchwefelSulfur
21.5%
Remove Ads.
Support Sporcle.
Get the best of Sporcle when you Go Orange. This ad-free experience offers more features, more stats, and more fun while also helping to support Sporcle. Thank you for becoming a member.

You're not logged in!

Compare scores with friends on all Sporcle quizzes.
OR
Log In

Show Comments

Extras

Top Quizzes Today


Score Distribution

Your Account Isn't Verified!

In order to create a playlist on Sporcle, you need to verify the email address you used during registration. Go to your Sporcle Settings to finish the process.

Report this User

Report this user for behavior that violates our Community Guidelines.

Details: